| 000 | 00658nam a2200229 a 4500 | ||
|---|---|---|---|
| 001 | 47133 | ||
| 003 | BD-RjUL | ||
| 005 | 20211209054250.0 | ||
| 008 | 160807s1961 pk a 000 0 eng | ||
| 035 | _a(BD-RjUL)47252 | ||
| 040 |
_aDLC _cCarP _dDLC _beng |
||
| 041 | _aeng | ||
| 082 |
_a331.2095491 _bSHL 1961 |
||
| 100 |
_aShafi, M. _9143525 |
||
| 110 | 1 |
_aPakistan. _kLaws, statutes, etc. _9143527 |
|
| 245 | 1 | 0 |
_aLaw of payment of wages / _cby M. Shafi |
| 260 |
_aKarachi : _bBureau of Labour Publications, _c1961 |
||
| 300 |
_a86 p. : _bill. ; _c24 cm. |
||
| 650 | 0 |
_aWages _zPakistan. _9133488 |
|
| 942 |
_2ddc _cBK |
||
| 999 |
_c47133 _d47133 |
||